Los Pincheira

Shranjeno v:
Bibliografske podrobnosti
Glavni avtor: Petit, Magdalena (Author)
Format: Knjiga
Jezik:španščina
Izdano: Santiago Zig-Zag 2004
Izdaja:1a. ed
Serija:Colección viento joven
Teme:
Oznake: Označite
Brez oznak, prvi označite!

MARC

LEADER 00000nam a2200000 a 4500
001 UCH6389
003 CL-VaPUC
008 091109e20040000CL |||||||||||||||||spa|d
020 |a 9561216183 
082 0 4 |a Ch863  |b PET  |2 21 
100 |a Petit, Magdalena   |e author  |9 345741 
245 1 4 |a Los Pincheira 
250 |a 1a. ed 
300 |a 215 p 
942 |c BK 
945 |d 20091109 00:00:00  |a lazolas 
260 |a Santiago  |b Zig-Zag  |c 2004 
650 0 |a Novelas chilenas   |9 265425 
650 0 |a Literatura chilena   |9 308278 
583 |a last modification  |c 20091109 00:00:00  |k Rodrigo Vera 
490 0 |a Colección viento joven 
999 |c 337291  |d 337289